Statistics for Countries with Outermost Regions of the European Union (EU)

Click here to take the quiz!

General Stats

  • This quiz has been taken 87 times
  • The average score is 7 of 12

Answer Stats

Answer % Correct
France
97%
Spain
92%
French Guiana
74%
Portugal
74%
Canary Islands
68%
Azores
62%
Guadeloupe
52%
RĂ©union
51%
Martinique
44%
Saint Martin
40%
Madeira
38%
Mayotte
31%

Score Distribution

Percentile by Number Answered

Percent of People with Each Score

Your Score History

You have not taken this quiz